000 00637nam a2200205Ia 4500
001 73027
005 20240724120032.0
008 160519s9999||||xx |||||||||||||| ||und||
020 _a9780199334513
040 _cPK-LaUMT
082 _a 616.8521
_bCON-
100 _aBack, Sudie E.
_9997
245 _aConcurrent treatment of PTSD and substance use disorders using prolonged exposure (COPE) :
_bpatient workbook /
_cby Sudie E. Back. . . [et al, ]
260 _aOxford,USA:
_bOxford University Press,
_c2015
300 _a175 p.
546 _aEN
650 _aSubstance abuse-Treatment
_9998
700 _a[et al, ]
_9999
942 _cBK
999 _c86059
_d86059